000 00407nam a2200145Ia 4500
008 130318s9999 xx 000 0 und d
020 _a9788131709771
082 _a025.04 YAT/M
100 _aBaeza-Yates, Ricardo
245 _aModern information retrieval
260 _bDorling Kindersley
_aNew Delhi
_c1999
300 _a513
650 _aMULTIMEDIA INFORMATION RETRIEVAL
700 _aRibeiro-neto, Berthier
999 _c1976
_d1976